[Event "Challenge"]
[Site "http://www.queenalice.com/game.php?id=142247"]
[Date "2006.12.16"]
[Round "-"]
[White "gundam"]
[Black "hollis1us"]
[Result "1-0"]
[WhiteElo "1464"]
[BlackElo "1565"]

1. c4 d5 2. Nf3 e6 3. g3 Bd7 4. cxd5 exd5 5. d4 h6 6. Bg2 Nf6 7. O-O Bd6 8. Nc3
a6 9. e3 Ne4 10. Nxd5 O-O 11. Bd2 Nf6 12. Nxf6+ Qxf6 13. a3 Bg4 14. h3 Bh5 15.
g4 Bg6 16. Bb4 Nc6 17. Bc3 Qe7 18. Qd2 Be4 19. Rac1 Qe6 20. Nh4 Bxg2 21. Nxg2
Ne7 22. f3 Nd5 23. e4 Nxc3 24. Rxc3 b5 25. e5 Be7 26. Rxc7 Bg5 27. f4 Bd8 28.
Rcc1 Be7 29. b4 Rac8 30. Rxc8 Qxc8 31. Rc1 Qb7 32. Ne3 Qf3 33. Nf5 Bd8 34. Rc3
Qd5 35. h4 Kh7 36. Qd3 Bb6 37. Ne7+ 1-0

[Event "Challenge"]
[Site "http://www.queenalice.com/game.php?id=143316"]
[Date "2006.12.19"]
[Round "-"]
[White "castle_king"]
[Black "gundam"]
[Result "0-1"]
[WhiteElo "1166"]
[BlackElo "1462"]

1. g3 e5 2. Nf3 e4 3. Nd4 d5 4. e3 Nf6 5. Bb5+ c6 6. Ba4 Bc5 7. Nb3 Bg4 8. f3
Bxf3 9. Nc3 Bxd1 10. Kxd1 Nbd7 11. Rf1 Ng4 12. Rf4 Nxh2 13. Na5 Qxa5 14. a3 Bd6
15. b4 Qd8 16. Rf2 Bxg3 17. Rg2 Qf6 18. Rxg3 Qf1# 0-1

[Event "Challenge"]
[Site "http://www.queenalice.com/game.php?id=162401"]
[Date "2007.2.2"]
[Round "-"]
[White "gundam"]
[Black "bmax1968"]
[Result "0-1"]
[WhiteElo "1500"]
[BlackElo "1979"]

1. d4 Nf6 2. Nc3 d6 3. Nf3 g6 4. e4 Bg7 5. Bc4 O-O 6. O-O Nxe4 7. Nxe4 d5 8.
Bxd5 Qxd5 9. Nc3 Qa5 10. Qe2 Nc6 11. Bf4 Bg4 12. Qb5 Qxb5 13. Nxb5 Bxf3 14. gxf3
Nxd4 15. Nxd4 Bxd4 16. Bxc7 Rac8 17. c3 Bxc3 18. bxc3 Rxc7 19. Rac1 Rfc8 20.
Rfd1 Rxc3 21. Rxc3 Rxc3 22. Rd7 Rxf3 23. Rxb7 Ra3 24. Rxe7 Rxa2 25. Kg2 a5 26.
h4 Ra4 27. Kg3 Rd4 28. f4 Rd3+ 29. Kg4 a4 30. Kg5 Rd5+ 31. Re5 Rxe5+ 32. fxe5 a3
33. Kf6 a2 0-1

[Event "Okuto"]
[Site "http://www.queenalice.com/game.php?id=167613"]
[Date "2007.2.12"]
[Round "1"]
[White "gundam"]
[Black "diablero"]
[Result "1/2-1/2"]
[WhiteElo "1498"]
[BlackElo "2027"]

1. d4 Nf6 2. Nf3 g6 3. g3 Bg7 4. Bg2 O-O 5. O-O d6 6. Nc3 Nbd7 7. Bf4 Nh5 8. e3
Nxf4 9. exf4 c5 10. d5 Nb6 11. Qe2 Bxc3 12. bxc3 Nxd5 13. Qd3 Nf6 14. c4 Bf5 15.
Qb3 Qd7 16. Nh4 Rab8 17. Rab1 Be4 18. Rfe1 Bxg2 19. Nxg2 Rfe8 20. Ne3 e6 21. Qd3
b6 22. g4 Rbd8 23. f5 d5 24. fxe6 Rxe6 25. Nxd5 Nxd5 26. cxd5 Rxe1+ 27. Rxe1
Qxg4+ 1/2-1/2

[Event "Challenge"]
[Site "http://www.queenalice.com/game.php?id=175883"]
[Date "2007.3.1"]
[Round "-"]
[White "bmax1968"]
[Black "gundam"]
[Result "1-0"]
[WhiteElo "1950"]
[BlackElo "1512"]

1. c4 Nc6 2. Nc3 e5 3. Nf3 Nf6 4. g3 d6 5. Bg2 Bf5 6. O-O Qd7 7. d3 h6 8. Rb1 g5
9. b4 Bh3 10. b5 Nd4 11. Nxd4 exd4 12. Bxb7 Qf5 13. Bxa8 Bxf1 14. Nd5 Nxd5 15.
Bxd5 Bh3 16. Qa4 Bg7 17. Qxa7 Qc8 18. b6 O-O 19. Qxc7 Qe8 20. b7 Qxe2 21. Ba3
Kh7 22. b8=Q 1-0

[Event "Okuto"]
[Site "http://www.queenalice.com/game.php?id=181368"]
[Date "2007.3.13"]
[Round "2"]
[White "mbubi"]
[Black "gundam"]
[Result "1/2-1/2"]
[WhiteElo "1855"]
[BlackElo "1510"]

1. Nf3 d5 2. b3 Nf6 3. Bb2 Nbd7 4. g3 g6 5. Bg2 Bg7 6. O-O O-O 7. d3 e6 8. Nbd2
b6 9. c4 Bb7 10. Rb1 Rb8 11. cxd5 Nxd5 12. Bxg7 Kxg7 13. Qc2 Qf6 14. Ne4 Qe7 15.
Qb2+ e5 16. Rbc1 c5 17. Nfd2 f5 18. Nc3 Nxc3 19. Qxc3 Bxg2 20. Kxg2 Rf7 21. Nc4
1/2-1/2

[Event "Challenge"]
[Site "http://www.queenalice.com/game.php?id=184963"]
[Date "2007.3.20"]
[Round "-"]
[White "gundam"]
[Black "bmax1968"]
[Result "1/2-1/2"]
[WhiteElo "1510"]
[BlackElo "1942"]

1. Nf3 d6 2. c4 Nf6 3. d4 g6 4. g3 Bg7 5. Bg2 O-O 6. O-O c5 7. e3 cxd4 8. exd4
Nc6 9. Nc3 Re8 10. a3 Na5 11. b3 e5 12. dxe5 dxe5 13. Qxd8 Rxd8 14. Nxe5 Nxb3
15. Rb1 Nxc1 16. Rfxc1 Ne8 17. Re1 Rb8 18. Re3 Be6 19. Bxb7 Bxe5 20. Rxe5 Nd6
21. Bd5 Rxb1+ 22. Nxb1 Nxc4 23. Bxc4 Rd1+ 24. Kg2 Rxb1 25. Bxe6 fxe6 26. Rxe6
Kf8 27. Ra6 Rb7 28. f4 Rf7 29. h4 Kg7 30. Kh3 1/2-1/2

[Event "Challenge"]
[Site "http://www.queenalice.com/game.php?id=186856"]
[Date "2007.3.24"]
[Round "-"]
[White "vercelli"]
[Black "gundam"]
[Result "1-0"]
[WhiteElo "1733"]
[BlackElo "1510"]

1. d4 d5 2. c4 Nf6 3. Nc3 g6 4. Nf3 Bg7 5. Bg5 O-O 6. e3 c6 7. Be2 Qb6 8. Qd2
Nbd7 9. O-O Qc7 10. cxd5 cxd5 11. Rac1 e6 12. Nxd5 Ne4 13. Ne7+ Kh8 14. Rxc7
Nxd2 15. Nxd2 f6 16. Bh4 Nb6 17. Rfc1 Nd5 18. Rxc8 Nxe7 19. Rxf8+ Rxf8 20. Bg4
g5 21. Bg3 Rc8 22. Rxc8+ Nxc8 23. Bxe6 Nb6 24. b3 h5 25. h3 Bf8 26. Ne4 Kg7 27.
d5 Kg6 28. Nd6 f5 29. Nxf5 Kf6 30. Nd6 Bxd6 31. Bxd6 1-0

[Event "Challenge"]
[Site "http://www.queenalice.com/game.php?id=191946"]
[Date "2007.4.4"]
[Round "-"]
[White "claudiocaire"]
[Black "gundam"]
[Result "1-0"]
[WhiteElo "1577"]
[BlackElo "1524"]

1. e4 e5 2. Bc4 Nf6 3. Qf3 Nc6 4. g4 Nd4 5. Qd1 d5 6. exd5 Bxg4 7. f3 Bxf3 8.
Nxf3 Nxd5 9. Nxe5 Qh4+ 10. Kf1 Qf4+ 11. Kg2 Qe4+ 12. Nf3 Qg6+ 13. Kf2 Nf4 14.
Nxd4 Qg2+ 15. Ke3 1-0

[Event "Challenge"]
[Site "http://www.queenalice.com/game.php?id=197740"]
[Date "2007.4.16"]
[Round "-"]
[White "bmax1968"]
[Black "gundam"]
[Result "1-0"]
[WhiteElo "1953"]
[BlackElo "1522"]

1. c4 Nf6 2. Nc3 e5 3. g3 Nc6 4. Bg2 g6 5. Nf3 Bg7 6. O-O O-O 7. d4 exd4 8. Nxd4
Nxd4 9. Qxd4 c6 10. Qh4 d5 11. cxd5 Nxd5 12. Bg5 Bf6 13. Bxf6 Qxf6 14. Nxd5 Qxh4
15. gxh4 cxd5 16. Bxd5 Rb8 17. h5 gxh5 18. Rfd1 Be6 19. Bxe6 fxe6 20. Rac1 a6
21. Rd6 Rf6 22. Rc5 Rbf8 23. f3 R8f7 24. Rxh5 Rg6+ 25. Kf2 Rc7 26. f4 Rc2 27.
Rd8+ Kf7 28. Rd7+ 1-0

[Event "Okuto"]
[Site "http://www.queenalice.com/game.php?id=201352"]
[Date "2007.4.23"]
[Round "3"]
[White "gundam"]
[Black "sweetChess"]
[Result "0-1"]
[WhiteElo "1524"]
[BlackElo "2034"]

1. Nf3 Nf6 2. c4 e6 3. d4 Bb4+ 4. Bd2 Qe7 5. a3 Bxd2+ 6. Nbxd2 d6 7. e4 e5 8. d5
O-O 9. Be2 a5 10. O-O Na6 11. Rb1 Nh5 12. Nxe5 Qxe5 13. Bxh5 Nc5 14. Bf3 a4 15.
Qc2 Bd7 16. b4 axb3 17. Nxb3 Ba4 18. Rfc1 Nxb3 0-1

[Event "Challenge"]
[Site "http://www.queenalice.com/game.php?id=220618"]
[Date "2007.6.4"]
[Round "-"]
[White "gundam"]
[Black "bmax1968"]
[Result "0-1"]
[WhiteElo "1520"]
[BlackElo "1997"]

1. Nf3 d6 2. d4 Nf6 3. g3 g6 4. Bg2 Bg7 5. O-O O-O 6. Nc3 Bg4 7. Bg5 Nh5 8. e4
Nc6 9. Qd2 Bxf3 10. Bxf3 Nxd4 11. Bg4 Nf6 12. Be2 Nxe2+ 13. Qxe2 Nd7 14. Rab1 c6
15. Qe3 Ne5 16. Qf4 Qd7 17. Bh6 Qh3 18. Bxg7 Kxg7 19. Rfe1 Ng4 20. Nd1 Qxh2+ 21.
Kf1 Qh3+ 22. Ke2 e5 23. Qd2 Qg2 24. Kd3 Qf3+ 25. Ne3 Nxf2+ 26. Kc4 Nxe4 27. Qc1
b5+ 28. Kb4 a5+ 0-1

[Event "Challenge"]
[Site "http://www.queenalice.com/game.php?id=235099"]
[Date "2007.7.5"]
[Round "-"]
[White "bmax1968"]
[Black "gundam"]
[Result "1-0"]
[WhiteElo "2012"]
[BlackElo "1518"]

1. c4 e5 2. Nc3 Nf6 3. g3 Bc5 4. Bg2 O-O 5. Nf3 Nc6 6. O-O d6 7. d3 Be6 8. a3 a5
9. Bg5 h6 10. Bxf6 Qxf6 11. Ne4 Qe7 12. Nxc5 dxc5 13. Qb3 Rab8 14. Qc3 f6 15.
Nh4 Qf7 16. Bxc6 bxc6 17. Rab1 g5 18. Nf3 Ra8 19. Nd2 Bg4 20. Rfe1 Rfd8 21. Ne4
Qe7 22. Qc2 a4 23. Nc3 Ra7 24. Nxa4 Rda8 25. Nc3 Qe6 26. f3 Bh5 27. Ne4 Ra5 28.
Rf1 f5 29. Nd2 Ra4 30. Nb3 Qd6 31. e4 Rf8 32. exf5 Raa8 33. g4 Bf7 34. Rbe1 Rfd8
35. Re3 Re8 36. Rfe1 Re7 37. Qc3 Rae8 38. Qa5 Rb8 39. Nxc5 Rxb2 40. Ne4 Qd8 41.
Nf6+ Kg7 42. Nh5+ Bxh5 43. gxh5 Kf6 44. Qc3 1-0

[Event "Challenge"]
[Site "http://www.queenalice.com/game.php?id=250628"]
[Date "2007.8.4"]
[Round "-"]
[White "gundam"]
[Black "alterego"]
[Result "1-0"]
[WhiteElo "1516"]
[BlackElo "1601"]

1. Nf3 d5 2. d4 Nf6 3. g3 Nc6 4. Bg2 g6 5. O-O Bg7 6. Nc3 O-O 7. Bf4 Bf5 8. Qd2
Nh5 9. Bh6 Qd6 10. Bxg7 Kxg7 11. a3 f6 12. b4 a5 13. Nb5 Qd7 14. Nh4 Bh3 15.
Rfe1 e5 16. e4 Nxd4 17. Nxd4 exd4 18. Qxd4 Ra6 19. Qxd5 Rd6 20. Qxb7 Bxg2 21.
Kxg2 Rd2 22. bxa5 Rxc2 23. Red1 Qg4 24. Re1 Nf4+ 25. Kg1 Ne2+ 26. Kg2 Nf4+ 27.
Kg1 Nh3+ 28. Kh1 Nxf2+ 29. Kg1 Qh3 30. Rec1 Re2 31. Rxc7+ Kh6 32. Rxh7+ Kg5 33.
Nf3+ Kg4 34. Rh4+ Kxf3 35. e5+ Ne4 36. Rxh3 fxe5 37. Rf1+ Kg4 38. Rh4+ 1-0

[Event "Challenge"]
[Site "http://www.queenalice.com/game.php?id=270956"]
[Date "2007.9.13"]
[Round "-"]
[White "Siline"]
[Black "gundam"]
[Result "0-1"]
[WhiteElo "1453"]
[BlackElo "1529"]

1. e4 e5 2. Nf3 Nc6 3. Bc4 h6 4. Nc3 Nf6 5. d4 d6 6. dxe5 dxe5 7. Qxd8+ Nxd8 8.
Nxe5 Bb4 9. f3 O-O 10. O-O Bxc3 11. bxc3 Be6 12. Bxe6 Nxe6 13. Rb1 Rab8 14. Be3
c5 15. Rfd1 b6 16. Nd7 Nxd7 17. Rxd7 a5 18. Rd6 Rfd8 19. Rdxb6 Rxb6 20. Rxb6
Rd1+ 21. Kf2 Ra1 22. Rb2 g5 23. g3 f6 24. Rb8+ Kf7 25. Rb2 a4 26. Rb7+ Kg6 27.
Rb6 Nf8 28. Bxc5 Nd7 29. Rb5 Rxa2 0-1

[Event "Challenge"]
[Site "http://www.queenalice.com/game.php?id=277038"]
[Date "2007.9.25"]
[Round "-"]
[White "gundam"]
[Black "bmax1968"]
[Result "0-1"]
[WhiteElo "1535"]
[BlackElo "2048"]

1. Nf3 d6 2. d4 Nf6 3. Nc3 g6 4. e4 Bg7 5. Bc4 O-O 6. O-O Nbd7 7. e5 dxe5 8.
dxe5 Nh5 9. Be3 Nxe5 10. Nxe5 Bxe5 11. Qxd8 Rxd8 12. Nd5 Rd7 13. c3 c6 14. Nb4
a5 15. Nc2 b5 16. Be2 Nf4 17. Bxf4 Bxf4 18. Rad1 Rb8 19. Rxd7 Bxd7 20. Nd4 b4
21. Rd1 bxc3 22. bxc3 Rb2 23. a4 c5 24. Nb5 Rxe2 25. g3 Bd6 26. Kg2 Bc6+ 27. Kf1
Ra2 28. Nxd6 exd6 29. Rxd6 Bf3 30. Ke1 Ra1+ 31. Kd2 Rxa4 32. Ke3 Bg2 33. Rd8+
Kg7 34. Rc8 Rc4 35. Kd3 Bf1+ 36. Kd2 a4 37. Ra8 Re4 38. Ra5 Re2+ 39. Kc1 Rxf2
40. Rxa4 Rxh2 41. Kd1 Rg2 42. g4 Be2+ 43. Kc1 Bxg4 44. Rc4 h5 45. Rxc5 h4 46.
Ra5 h3 0-1

[Event "Challenge"]
[Site "http://www.queenalice.com/game.php?id=343260"]
[Date "2008.1.26"]
[Round "-"]
[White "gundam"]
[Black "bmax1968"]
[Result "0-1"]
[WhiteElo "1531"]
[BlackElo "2004"]

1. Nf3 d6 2. e4 Nf6 3. Nc3 c6 4. a3 Bg4 5. Bc4 e6 6. O-O d5 7. exd5 cxd5 8. Bb5+
Nbd7 9. d4 a6 10. Be2 Bd6 11. Bg5 Qb6 12. b4 O-O 13. Qd3 g6 14. Rae1 a5 15. Nb5
axb4 16. Nxd6 Qxd6 17. Bxf6 Nxf6 18. axb4 Qxb4 19. Rb1 Qa3 20. Ne5 Bxe2 21. Qxe2
Qc3 22. Nf3 Ne4 23. Rxb7 Ra2 24. Rc1 Rb2 25. Rb5 Rc8 26. Rb3 Rxb3 0-1

[Event "Challenge"]
[Site "http://www.queenalice.com/game.php?id=370138"]
[Date "2008.3.12"]
[Round "-"]
[White "bmax1968"]
[Black "gundam"]
[Result "1-0"]
[WhiteElo "2059"]
[BlackElo "1542"]

1. d4 d5 2. Bf4 e6 3. e3 Nf6 4. c3 Bd6 5. Bxd6 Qxd6 6. f4 O-O 7. Nd2 Nc6 8. Bd3
b6 9. Ngf3 a5 10. Ne5 Ba6 11. Bxa6 Rxa6 12. Qa4 Ne7 13. O-O c5 14. Ndf3 h6 15.
Nh4 Ne4 16. f5 g5 17. fxg6 Nxg6 18. Nhxg6 fxg6 19. Rxf8+ Qxf8 20. Qd7 Qf2+ 21.
Kh1 b5 22. Qc8+ 1-0

[Event "Challenge"]
[Site "http://www.queenalice.com/game.php?id=402827"]
[Date "2008.5.14"]
[Round "-"]
[White "gundam"]
[Black "bmax1968"]
[Result "0-1"]
[WhiteElo "1554"]
[BlackElo "2056"]

1. e4 d6 2. d4 Nf6 3. Nc3 g6 4. Nf3 Bg7 5. Bc4 O-O 6. O-O Nbd7 7. a3 c5 8. Be3
cxd4 9. Bxd4 Qc7 10. b3 Nb6 11. Qe2 Nxc4 12. Qxc4 Qxc4 13. bxc4 b6 14. Rab1 Be6
15. Rb4 Rac8 16. Nd2 Nxe4 17. Bxg7 Nxd2 18. Rd1 Kxg7 19. Rxd2 Bxc4 20. Rd4 Be6
21. Nb5 Rxc2 22. h3 a6 23. Na7 Ra8 24. Rxb6 Rxa7 25. g4 Rac7 26. a4 R7c4 27.
Rxc4 Rxc4 28. Rxa6 d5 29. a5 d4 30. Kf1 d3 31. Ke1 Re4+ 32. Kd2 Bc4 33. Rc6 Re2+
34. Kc3 d2 0-1

[Event "Challenge"]
[Site "http://www.queenalice.com/game.php?id=417500"]
[Date "2008.6.14"]
[Round "-"]
[White "patrick"]
[Black "gundam"]
[Result "0-1"]
[WhiteElo "1479"]
[BlackElo "1540"]

1. e4 e5 2. Nf3 Nf6 3. Qe2 d6 4. d4 Nbd7 5. g3 g6 6. Ng5 Qe7 7. h4 Bg7 8. f4
exd4 9. e5 dxe5 10. a3 O-O 11. h5 Nxh5 12. Nd2 Nxg3 13. Qf3 Nxh1 14. Qxh1 h6 15.
Nh7 Kxh7 16. Ne4 exf4 17. Bxf4 Nf6 18. Bd3 Nxe4 19. Ke2 Ng3+ 20. Kf3 Nxh1 21.
Rxh1 Re8 22. c3 Qe6 23. cxd4 Qd5+ 24. Kg3 Qxh1 25. b4 Qh3+ 26. Kf2 Bxd4+ 27. Be3
Qxe3+ 28. Kg2 Qe1 29. Kf3 Qf2# 0-1